Sports Quiz

Random Sports Quiz
Score 0/250 Timer 20:00
0 Plays Today
Country - Year Answer % Correct
England 2012/3Robin van Persie
98.5%
England 2011/2Robin van Persie
98.5%
England 2009/0Didier Drogba
97%
England 2007/8Cristiano Ronaldo
97%
England 2006/7Didier Drogba
97%
England 2005/6Thierry Henry
97%
England 2004/5Thierry Henry
97%
England 2003/4Thierry Henry
97%
England 2001/2Thierry Henry
97%
Spain 2012/3Lionel Messi
97%
Spain 2011/2Lionel Messi
97%
Spain 2010/1Cristiano Ronaldo
97%
Spain 2009/0Lionel Messi
97%
Spain 2003/4Ronaldo
97%
Spain 1996/7Ronaldo
97%
England 1998/9Jimmy Floyd Hasselbaink, Michael Owen & Dwight Yorke
95.5%
Italy 2006/7Francesco Totti
93.9%
Spain 2000/1Raul
93.9%
Spain 1998/9Raul
93.9%
England 2010/1Dimitar Berbatov & Carlos Tevez
92.4%
England 2002/3Ruud van Nistelrooy
92.4%
England 1997/8Dion Dublin, Michael Owen & Chris Sutton
92.4%
Spain 2006/7Ruud van Nistelrooy
92.4%
Spain 2004/5Samuel Eto'o & Diego Forlan
92.4%
England 1996/7Alan Shearer
90.9%
England 1995/6Alan Shearer
90.9%
England 1994/5Alan Shearer
90.9%
France 2012/3Zlatan Ibrahimovic
90.9%
Italy 2011/2Zlatan Ibrahimovic
90.9%
Italy 2008/9Zlatan Ibrahimovic
90.9%
England 2000/1Jimmy Floyd Hasselbaink
89.4%
Germany 1977/8Dieter Muller & Gerd Muller
89.4%
Germany 1976/7Dieter Muller
89.4%
Germany 1973/4Jupp Heynckes & Gerd Muller
89.4%
Germany 1972/3Gerd Muller
89.4%
Germany 1971/2Gerd Muller
89.4%
Germany 1969/0Gerd Muller
89.4%
Germany 1968/9Gerd Muller
89.4%
Germany 1966/7Lothar Emmerich & Gerd Muller
89.4%
Spain 2005/6Samuel Eto'o
89.4%
England 1993/4Andy Cole
87.9%
England 2008/9Nicolas Anelka
86.4%
England 1999/0Kevin Phillips
86.4%
Spain 2008/9Diego Forlan
86.4%
England 1989/0Gary Lineker
84.8%
England 1985/6Gary Lineker
84.8%
England 1984/5Kerry Dixon & Gary Lineker
84.8%
England 1983/4Ian Rush
84.8%
Italy 2012/3Edinson Cavani
84.8%
Italy 2001/2Dario Hubner & David Trezeguet
84.8%
Germany 2005/6Miroslav Klose
83.3%
Italy 2009/0Antonio Di Natale
83.3%
Italy 2007/8Alessandro Del Piero
83.3%
Italy 2010/1Antonio Di Natale
83.3%
England 1991/2Ian Wright
81.8%
Germany 2007/8Luca Toni
81.8%
Italy 2005/6Luca Toni
81.8%
Italy 2003/4Andriy Shevchenko
81.8%
Italy 1999/0Andriy Shevchenko
81.8%
England 1992/3Teddy Sheringham
80.3%
Germany 2010/1Mario Gomez
80.3%
Germany 2009/0Edin Dzeko
80.3%
Germany 1987/8Jurgen Klinsmann
80.3%
Italy 2002/3Christian Vieri
80.3%
Spain 1997/8Christian Vieri
80.3%
France 2011/2Olivier Giroud & Nene
78.8%
Italy 2000/1Hernan Crespo
77.3%
Italy 1996/7Filippo Inzaghi
77.3%
Italy 1984/5Michel Platini
77.3%
Italy 1983/4Michel Platini
77.3%
Italy 1982/3Michel Platini
77.3%
Italy 1977/8Paolo Rossi
77.3%
Spain 2002/3Roy Makaay
77.3%
England 1990/1Alan Smith
75.8%
England 1988/9Alan Smith
75.8%
France 1991/2Jean-Pierre Papin
75.8%
France 1990/1Jean-Pierre Papin
75.8%
France 1989/0Jean-Pierre Papin
75.8%
France 1988/9Jean-Pierre Papin
75.8%
France 1987/8Jean-Pierre Papin
75.8%
Italy 1987/8Diego Maradona
75.8%
England 1981/2Kevin Keegan
74.2%
Spain 1993/4Romario
72.7%
Italy 1991/2Marco van Basten
69.7%
Country - Year Answer % Correct
Italy 1989/0Marco van Basten
69.7%
Germany 2011/2Klaas-Jan Huntelaar
68.2%
Italy 1990/1Gianluca Vialli
68.2%
Spain 1989/0Hugo Sanchez
68.2%
Spain 1987/8Hugo Sanchez
68.2%
Spain 1986/7Hugo Sanchez
68.2%
Spain 1985/6Hugo Sanchez
68.2%
Spain 1984/5Hugo Sanchez
68.2%
Germany 2012/3Stefan Kiessling
66.7%
Germany 2008/9Grafite
66.7%
Germany 1982/3Rudi Voller
66.7%
Italy 1997/8Oliver Bierhoff
66.7%
Italy 1994/5Gabriel Batistuta
66.7%
England 1967/8George Best & Ron Davies
65.2%
Germany 1983/4Karl-Heinz Rummenigge
63.6%
Germany 1980/1Karl-Heinz Rummenigge
63.6%
Germany 1979/0Karl-Heinz Rummenigge
63.6%
Italy 1969/0Gigi Riva
62.1%
Italy 1968/9Gigi Riva
62.1%
Italy 1966/7Gigi Riva
62.1%
Germany 2002/3Giovane Elber & Thomas Christiansen
60.6%
Spain 2001/2Diego Tristan
59.1%
Spain 1964/5Cayetano Re
59.1%
England 1968/9Jimmy Greaves
57.6%
England 1964/5Andy McEvoy & Jimmy Greaves
57.6%
England 1963/4Jimmy Greaves
57.6%
Italy 1995/6Igor Protti & Giuseppe Signori
57.6%
Italy 1993/4Giuseppe Signori
57.6%
Italy 1992/3Giuseppe Signori
57.6%
England 1987/8John Aldridge
56.1%
France 2003/4Djibril Cisse
56.1%
France 2001/2Djibril Cisse
56.1%
Spain 2007/8Daniel Guiza
54.5%
Spain 1990/1Emilio Butragueno
54.5%
Germany 1997/8Ulf Kirsten
53%
Germany 1996/7Ulf Kirsten
53%
Germany 1992/3Ulf Kirsten & Tony Yeboah
53%
Germany 1974/5Jupp Heynckes
53%
Italy 2004/5Cristiano Lucarelli
51.5%
France 2007/8Karim Benzema
50%
Italy 1972/3Paolo Pulici, Gianni Rivera & Giuseppe Savoldi
50%
Spain 1994/5Ivan Zamorano
48.5%
Spain 1992/3Bebeto
48.5%
England 1976/7Andy Gray & Malcolm Macdonald
47%
England 1966/7Ron Davies
47%
France 1997/8Stephane Guivarc'h
47%
France 1996/7Stephane Guivarc'h
47%
France 2006/7Pauleta
45.5%
France 2005/6Pauleta
45.5%
Germany 2001/2Marcio Amoroso & Martin Max
45.5%
England 1974/5Malcolm Macdonald
43.9%
France 2000/1Sonny Anderson
43.9%
France 1999/0Sonny Anderson
43.9%
France 1995/6Sonny Anderson
43.9%
Germany 1963/4Uwe Seeler
43.9%
England 1986/7Clive Allen
42.4%
England 1982/3Luther Blissett
42.4%
France 2008/9Andre-Pierre Gignac
42.4%
Italy 1998/9Marcio Amoroso
42.4%
England 1980/1Peter Withe & Steve Archibald
40.9%
Spain 1963/4Ferenc Puskas
40.9%
England 1971/2Francis Lee
39.4%
France 1998/9Sylvain Wiltord
39.4%
Germany 1993/4Stefan Kuntz & Tony Yeboah
39.4%
Germany 1985/6Stefan Kuntz
39.4%
Germany 2003/4Ailton
36.4%
Germany 1999/0Martin Max
36.4%
England 1973/4Mick Channon
34.8%
Germany 2000/1Sergej Barbarez & Ebbe Sand
34.8%
Germany 1965/6Lothar Emmerich
34.8%
Germany 1988/9Thomas Allofs & Roland Wohlfarth
33.3%
Germany 1984/5Klaus Allofs
33.3%
Germany 1978/9Klaus Allofs
33.3%
France 2010/1Moussa Sow
31.8%
France 1964/5Jacques Simon
31.8%
England 1969/0Jeff Astle
30.3%
Germany 1981/2Horst Hrubesch
30.3%
Germany 1975/6Klaus Fischer
28.8%
France 1993/4Roger Boli, Youri Djorkaeff & Nicolas Ouedec
27.3%
Italy 1979/0Roberto Bettega
27.3%
Italy 1975/6Paolo Pulici
27.3%
Italy 1974/5Paolo Pulici
27.3%
Italy 1964/5Sandro Mazzola & Alberto Orlando
27.3%
Spain 1977/8Mario Kempes
27.3%
Country - Year Answer % Correct
Spain 1976/7Mario Kempes
27.3%
England 1977/8Bob Latchford
25.8%
Germany 2006/7Theofanis Gekas
25.8%
Germany 1986/7Uwe Rahn
24.2%
Germany 2004/5Marek Mintal
22.7%
Germany 1994/5Mario Basler & Heiko Herrlich
22.7%
England 1978/9Frank Worthington
21.2%
France 2009/0Mamadou Niang
21.2%
France 1992/3Alen Boksic
21.2%
Germany 1995/6Fredi Bobic
21.2%
England 1970/1Tony Brown
19.7%
France 2004/5Alexander Frei
19.7%
Italy 1985/6Roberto Pruzzo
19.7%
Italy 1981/2Roberto Pruzzo
19.7%
Italy 1980/1Roberto Pruzzo
19.7%
Spain 1969/0Amancio Amaro, Luis Aragones & Jose Eulogio Garate
19.7%
France 2002/3Shabani Nonda
18.2%
Germany 1991/2Fritz Walter
18.2%
Spain 1999/0Salva
18.2%
Germany 1990/1Roland Wohlfarth
16.7%
Italy 1988/9Aldo Serena
16.7%
Italy 1973/4Giorgio Chinaglia
16.7%
Italy 1971/2Roberto Boninsegna
16.7%
Italy 1970/1Roberto Boninsegna
16.7%
Italy 1967/8Pierino Prati
16.7%
England 1972/3Pop Robson
15.2%
France 1994/5Patrice Loko
15.2%
France 1972/3Josip Skoblar
15.2%
France 1971/2Josip Skoblar
15.2%
France 1970/1Josip Skoblar
15.2%
Spain 1978/9Hans Krankl
15.2%
Spain 1970/1Jose Eulogio Garate & Carles Rexach
15.2%
Spain 1968/9Amancio Amaro & Jose Eulogio Garate
15.2%
France 1978/9Carlos Bianchi
13.6%
France 1977/8Carlos Bianchi
13.6%
France 1976/7Carlos Bianchi
13.6%
France 1975/6Carlos Bianchi
13.6%
France 1973/4Carlos Bianchi
13.6%
Italy 1986/7Paolo Virdis
13.6%
Italy 1976/7Francesco Graziani
13.6%
Spain 1995/6Juan Antonio Pizzi
13.6%
Germany 1998/9Michael Preetz
12.1%
Spain 1983/4Jorge da Silva
12.1%
France 1983/4Patrice Garande & Delio Onnis
10.6%
France 1981/2Delio Onnis
10.6%
France 1980/1Delio Onnis
10.6%
France 1979/0Erwin Kostedde & Delio Onnis
10.6%
France 1974/5Delio Onnis
10.6%
Italy 1978/9Bruno Giordano
10.6%
Spain 1981/2Quini
10.6%
Spain 1980/1Quini
10.6%
Spain 1979/0Quini
10.6%
Spain 1975/6Quini
10.6%
Spain 1973/4Quini
10.6%
England 1979/0Phil Boyer
7.6%
England 1975/6Ted McDougall
7.6%
France 1969/0Herve Revelli
7.6%
France 1966/7Herve Revelli
7.6%
Italy 1963/4Harald Nielsen
6.1%
Spain 1988/9Baltazar
6.1%
Spain 1965/6Vava II
6.1%
Germany 1989/0Jorn Andersen
4.5%
Spain 1991/2Manolo
4.5%
France 1984/5Vahid Halihodzic
3%
France 1982/3Vahid Halihodzic
3%
Germany 1967/8Johannes Lohr
3%
Italy 1965/6Luis Vinicio
3%
Spain 1974/5Carlos Ruiz
3%
England 1965/6Willie Irvine
1.5%
France 1968/9Andre Guy
1.5%
France 1967/8Etienne Sansonetti
1.5%
Germany 1964/5Rudolf Brunnenmeier
1.5%
Spain 1982/3Poli Rincon
1.5%
Spain 1966/7Waldo
1.5%
France 1986/7Bernard Zenier
0%
France 1985/6Jules Bocande
0%
France 1965/6Philippe Gondet
0%
France 1963/4Ahmed Oudjani
0%
Germany 1970/1Lothar Kobluhn
0%
Spain 1972/3Marianin
0%
Spain 1971/2Enrique Porta
0%
Spain 1967/8Fidel Uriarte
0%

You're not logged in!

Compare scores with friends on all Sporcle quizzes.
OR
Log In

Sporcle TV

Today on Sporcle TV


Watch our educational content, quiz creation guides, and fun videos on Sporcle TV.

Show Comments

Extras

Top Quizzes Today


Score Distribution

Paid Content

Your Account Isn't Verified!

In order to create a playlist on Sporcle, you need to verify the email address you used during registration. Go to your Sporcle Settings to finish the process.

Report this User

Report this user for behavior that violates our Community Guidelines.

Details: